| 000 | 00935nac a22002777a 4500 | ||
|---|---|---|---|
| 001 | BR9901385 | ||
| 003 | BR-BrBNA | ||
| 005 | 20240105122155.0 | ||
| 008 | 230509b bl.|||m| |||| 00| 0 por d | ||
| 040 |
_aBR-BrBNA _bpor _cBiblioteca Nacional de Agricultura |
||
| 072 | _aH10 | ||
| 090 | _a1580 BR9901385 | ||
| 100 | 1 | _aFranca, F.H. | |
| 100 | 1 | _aRitschel, P.S. | |
| 110 | 1 | _aCentro Nacional de Pesquisa de Hortalicas, Brasilia, DF (Brasil) | |
| 245 | 1 | _aCaracterizacao de acessos de batata-doce atraves dos danos causados nas raizes por crisomelideos e pela broca da raiz | |
| 260 | 3 |
_aBrasilia, DF (Brasil): _c1997. |
|
| 300 | _a3 p. | ||
| 490 |
_aPesquisa em Andamento EMBRAPA Hortalicas (Brazil) _vno. 2 _xISSN 1415-0352 |
||
| 650 | _aBatata Doce | ||
| 650 | _aCrisomelideo | ||
| 650 | _aBroca da Raiz | ||
| 650 | _aVariedade Resistente | ||
| 909 |
_a202312 _bLúcia Elande _c55 _dLúcia Elande |
||
| 942 |
_2AGRIS _n0 _cMS |
||
| 999 |
_c289616 _d289616 |
||